[Event "VII Obert Internacional Alberic"]
[Site "Alberic, Spain"]
[Date "2019.06.29"]
[Round "5.4"]
[White "Marin Corresa, Arturo"]
[Black "Pedros Viudes, Enrique"]
[Result "1/2-1/2"]
[WhiteElo "2050"]
[BlackElo "2113"]
[PlyCount "134"]
[EventDate "2019.??.??"]

1. e4 {[%clk 00:07:02]} 1... e6 {[%clk 00:07:03]  [%emt 00:00:07]} 2. d4 {
[%clk 00:07:02]} 2... d5 {[%clk 00:07:05]  [%emt 00:00:04]} 3. e5 {
[%clk 00:06:57]  [%emt 00:00:07]} 3... c5 {[%clk 00:07:07]  [%emt 00:00:07]} 4.
c3 {[%clk 00:06:59]} 4... Qb6 {[%clk 00:07:09]} 5. Nf3 {[%clk 00:07:00]} 5...
Bd7 {[%clk 00:07:11]} 6. a3 {[%clk 00:07:01]} 6... c4 {
[%clk 00:07:10]  [%emt 00:00:03]} 7. Nbd2 {[%clk 00:06:59]  [%emt 00:00:14]}
7... Nc6 {[%clk 00:07:09]  [%emt 00:00:07]} 8. g3 {[%clk 00:06:59]} 8... Na5 {
[%clk 00:07:08]} 9. h4 {[%clk 00:06:58]} 9... Nh6 {
[%clk 00:07:09]  [%emt 00:00:04]} 10. Bh3 {[%clk 00:06:51]  [%emt 00:00:04]}
10... f5 {[%clk 00:06:51]  [%emt 00:00:22]} 11. exf6 {
[%clk 00:06:18]  [%emt 00:00:36]} 11... gxf6 {[%clk 00:06:51]  [%emt 00:00:18]}
12. O-O {[%clk 00:06:18]} 12... O-O-O {[%clk 00:06:00]  [%emt 00:00:44]} 13.
Re1 {[%clk 00:06:14]  [%emt 00:00:07]} 13... Nf7 {
[%clk 00:05:49]  [%emt 00:00:11]} 14. Qe2 {[%clk 00:05:56]  [%emt 00:00:21]}
14... f5 {[%clk 00:05:35]  [%emt 00:00:24]} 15. Nf1 {
[%clk 00:05:33]  [%emt 00:00:19]} 15... Bd6 {[%clk 00:04:38]  [%emt 00:01:01]}
16. Bg5 {[%clk 00:05:25]  [%emt 00:00:39]} 16... Rde8 {
[%clk 00:04:09]  [%emt 00:00:09]} 17. Rab1 {[%clk 00:04:11]  [%emt 00:01:16]}
17... Rhg8 {[%clk 00:03:48]  [%emt 00:00:23]} 18. Bf6 {
[%clk 00:04:01]  [%emt 00:00:10]} 18... Rg6 {[%clk 00:03:03]  [%emt 00:00:51]}
19. Be5 {[%clk 00:03:58]  [%emt 00:00:06]} 19... Nc6 {
[%clk 00:03:00]  [%emt 00:00:07]} 20. Bxd6 {[%clk 00:03:31]  [%emt 00:00:26]}
20... Nxd6 {[%clk 00:03:01]  [%emt 00:00:20]} 21. Ne5 {
[%clk 00:03:03]  [%emt 00:00:14]} 21... Nxe5 {[%clk 00:02:54]  [%emt 00:00:26]}
22. Qxe5 {[%clk 00:03:03]} 22... Ne4 {[%clk 00:02:54]} 23. Bg2 {
[%clk 00:02:48]  [%emt 00:00:10]} 23... Reg8 {[%clk 00:02:34]  [%emt 00:00:20]}
24. Re2 {[%clk 00:02:39]  [%emt 00:00:22]} 24... Qc7 {
[%clk 00:02:30]  [%emt 00:00:16]} 25. Qxc7+ {[%clk 00:02:31]} 25... Kxc7 {
[%clk 00:02:32]} 26. Rbe1 {[%clk 00:02:24]  [%emt 00:00:09]} 26... f4 {
[%clk 00:02:16]  [%emt 00:00:14]} 27. Bxe4 {[%clk 00:02:19]  [%emt 00:00:09]}
27... dxe4 {[%clk 00:02:18]  [%emt 00:00:03]} 28. Rxe4 {[%clk 00:02:21]} 28...
fxg3 {[%clk 00:02:12]  [%emt 00:00:12]} 29. fxg3 {
[%clk 00:02:15]  [%emt 00:00:05]} 29... Kd6 {[%clk 00:02:08]  [%emt 00:00:13]}
30. Kh2 {[%clk 00:02:12]  [%emt 00:00:03]} 30... Rf8 {
[%clk 00:02:06]  [%emt 00:00:08]} 31. Kg1 {[%clk 00:01:12]  [%emt 00:00:59]}
31... Bc6 {[%clk 00:01:56]  [%emt 00:00:10]} 32. R4e3 {
[%clk 00:01:13]  [%emt 00:00:14]} 32... Rfg8 {[%clk 00:01:27]  [%emt 00:00:20]}
33. Kh2 {[%clk 00:01:08]  [%emt 00:00:08]} 33... Rf6 {
[%clk 00:01:28]  [%emt 00:00:32]} 34. Kg1 {[%clk 00:01:03]} 34... Rfg6 {
[%clk 00:01:30]} 35. R1e2 {[%clk 00:00:57]} 35... Bd5 {
[%clk 00:01:11]  [%emt 00:00:40]} 36. Rf2 {[%clk 00:00:59]} 36... Rg4 {
[%clk 00:01:13]} 37. Kh2 {[%clk 00:00:58]} 37... R8g7 {
[%clk 00:01:08]  [%emt 00:00:03]} 38. Nd2 {[%clk 00:00:58]} 38... b5 {
[%clk 00:00:57]  [%emt 00:00:03]} 39. Kh3 {[%clk 00:00:54]  [%emt 00:00:03]}
39... a5 {[%clk 00:00:42]  [%emt 00:00:17]} 40. Nf1 {
[%clk 00:00:56]  [%emt 00:00:28]} 40... R4g6 {[%clk 00:00:28]} 41. Nh2 {
[%clk 00:00:56]} 41... Rb7 {[%clk 00:00:24]  [%emt 00:00:03]} 42. g4 {
[%clk 00:00:58]} 42... b4 {[%clk 00:00:24]  [%emt 00:00:03]} 43. axb4 {
[%clk 00:00:59]} 43... axb4 {[%clk 00:00:27]} 44. h5 {
[%clk 00:01:01]  [%emt 00:00:04]} 44... Rg8 {[%clk 00:00:27]  [%emt 00:00:12]}
45. Kh4 {[%clk 00:01:03]} 45... bxc3 {[%clk 00:00:27]  [%emt 00:00:17]} 46.
bxc3 {[%clk 00:01:05]} 46... Rbg7 {[%clk 00:00:27]} 47. Rf6 {[%clk 00:01:04]}
47... Ra8 {[%clk 00:00:27]} 48. g5 {[%clk 00:01:01]} 48... Ra2 {[%clk 00:00:23]
} 49. Ng4 {[%clk 00:01:04]} 49... Ra1 {[%clk 00:00:24]  [%emt 00:00:09]} 50. g6
{[%clk 00:01:01]  [%emt 00:00:04]} 50... hxg6 {[%clk 00:00:16]  [%emt 00:00:06]
} 51. hxg6 {[%clk 00:01:02]  [%emt 00:00:03]} 51... Rh1+ {
[%clk 00:00:15]  [%emt 00:00:14]} 52. Rh3 {[%clk 00:01:03]} 52... Rg1 {
[%clk 00:00:14]  [%emt 00:00:04]} 53. Kg5 {[%clk 00:01:04]} 53... Rd1 {
[%clk 00:00:11]} 54. Rh7 {[%clk 00:01:06]} 54... Rg8 {
[%clk 00:00:12]  [%emt 00:00:07]} 55. g7 {[%clk 00:01:06]} 55... Bf3 {
[%clk 00:00:08]  [%emt 00:00:06]} 56. Rf8 {[%clk 00:01:06]  [%emt 00:00:12]}
56... Rg1 {[%clk 00:00:04]} 57. Rxg8 {[%clk 00:01:08]} 57... Rxg4+ {
[%clk 00:00:06]} 58. Kf6 {[%clk 00:01:06]  [%emt 00:00:04]} 58... Rf4+ {
[%clk 00:00:05]  [%emt 00:00:03]} 59. Kg6 {[%clk 00:01:08]  [%emt 00:00:04]}
59... Rg4+ {[%clk 00:00:07]} 60. Kf7 {[%clk 00:01:08]  [%emt 00:00:13]} 60...
Rf4+ {[%clk 00:00:05]} 61. Ke8 {[%clk 00:01:10]} 61... Bc6+ {[%clk 00:00:06]}
62. Kd8 {[%clk 00:01:11]} 62... Rf7 {[%clk 00:00:06]} 63. Re8 {
[%clk 00:01:07]  [%emt 00:00:08]} 63... Rd7+ {[%clk 00:00:07]  [%emt 00:00:04]}
64. Kc8 {[%clk 00:01:09]} 64... Rc7+ {[%clk 00:00:09]} 65. Kb8 {
[%clk 00:01:11]  [%emt 00:00:12]} 65... Rb7+ {[%clk 00:00:11]} 66. Kc8 {
[%clk 00:01:12]  [%emt 00:00:04]} 66... Rc7+ {[%clk 00:00:13]} 67. Kd8 {
[%emt 00:00:32]} 67... Kd5 {[%emt 00:00:13]} 1/2-1/2

[Event "VII Obert Internacional Alberic"]
[Site "Alberic, Spain"]
[Date "2019.06.29"]
[Round "5.5"]
[White "Mengual Bolo, Carles"]
[Black "Pedros Viudes, Santiago"]
[Result "1-0"]
[WhiteElo "2097"]
[BlackElo "2047"]
[PlyCount "137"]
[EventDate "2019.??.??"]

1. Nf3 {[%clk 00:07:05]  [%emt 00:00:22]} 1... d5 {[%clk 00:07:04]} 2. d4 {
[%clk 00:07:07]} 2... Nf6 {[%clk 00:07:03]} 3. Nbd2 {[%clk 00:07:08]} 3... c5 {
[%clk 00:06:39]  [%emt 00:00:38]} 4. e3 {[%clk 00:07:07]} 4... Nc6 {
[%clk 00:06:05]  [%emt 00:00:21]} 5. c3 {[%clk 00:07:10]} 5... cxd4 {
[%clk 00:05:57]  [%emt 00:00:05]} 6. exd4 {[%clk 00:07:11]  [%emt 00:00:03]}
6... a6 {[%clk 00:05:22]  [%emt 00:00:36]} 7. Bd3 {
[%clk 00:07:12]  [%emt 00:00:03]} 7... Bg4 {[%clk 00:05:24]} 8. Qb3 {
[%clk 00:06:38]  [%emt 00:00:36]} 8... Qc7 {[%clk 00:04:53]  [%emt 00:00:33]}
9. h3 {[%clk 00:06:26]  [%emt 00:00:43]} 9... Bxf3 {
[%clk 00:04:28]  [%emt 00:00:15]} 10. Nxf3 {[%clk 00:06:25]} 10... e6 {
[%clk 00:04:31]} 11. O-O {[%clk 00:05:57]  [%emt 00:00:45]} 11... Bd6 {
[%clk 00:04:22]  [%emt 00:00:11]} 12. Re1 {[%clk 00:05:49]} 12... O-O {
[%clk 00:04:23]} 13. Bg5 {[%clk 00:05:44]  [%emt 00:00:03]} 13... Nd7 {
[%clk 00:04:19]  [%emt 00:00:04]} 14. Rad1 {[%clk 00:05:30]  [%emt 00:00:18]}
14... b5 {[%clk 00:04:14]  [%emt 00:00:05]} 15. Bb1 {
[%clk 00:05:22]  [%emt 00:00:19]} 15... Rfe8 {[%clk 00:03:54]  [%emt 00:00:20]}
16. Qc2 {[%clk 00:05:20]  [%emt 00:00:17]} 16... Nf8 {[%clk 00:03:56]} 17. Re2
{[%clk 00:05:08]  [%emt 00:00:03]} 17... h6 {[%clk 00:03:34]  [%emt 00:00:23]}
18. Bc1 {[%clk 00:05:02]  [%emt 00:00:07]} 18... b4 {
[%clk 00:03:24]  [%emt 00:00:16]} 19. Rde1 {[%clk 00:04:48]  [%emt 00:00:13]}
19... bxc3 {[%clk 00:03:05]  [%emt 00:01:00]} 20. bxc3 {[%clk 00:04:50]} 20...
Rac8 {[%clk 00:02:58]} 21. Ne5 {[%clk 00:03:53]  [%emt 00:00:42]} 21... Be7 {
[%clk 00:02:30]  [%emt 00:00:22]} 22. Nxc6 {[%clk 00:03:23]  [%emt 00:00:42]}
22... Qxc6 {[%clk 00:02:32]} 23. Re3 {[%clk 00:03:20]  [%emt 00:00:03]} 23...
Bf6 {[%clk 00:02:21]  [%emt 00:00:09]} 24. Qe2 {
[%clk 00:02:55]  [%emt 00:00:29]} 24... Rb8 {[%clk 00:02:19]  [%emt 00:00:13]}
25. Bd3 {[%clk 00:02:46]  [%emt 00:00:06]} 25... a5 {
[%clk 00:02:09]  [%emt 00:00:11]} 26. Rg3 {[%clk 00:02:48]  [%emt 00:00:24]}
26... Kh8 {[%clk 00:01:57]} 27. Qf3 {[%clk 00:02:41]  [%emt 00:00:14]} 27...
Qxc3 {[%clk 00:01:49]} 28. Rd1 {[%clk 00:01:57]  [%emt 00:00:46]} 28... Qxd4 {
[%clk 00:01:25]  [%emt 00:00:29]} 29. Bb5 {[%clk 00:01:17]  [%emt 00:00:48]}
29... Qe5 {[%clk 00:01:04]  [%emt 00:00:18]} 30. Bxe8 {
[%clk 00:01:16]  [%emt 00:00:08]} 30... Rxe8 {[%clk 00:01:06]} 31. Bd2 {
[%clk 00:01:07]  [%emt 00:00:07]} 31... Ra8 {[%clk 00:00:45]  [%emt 00:00:24]}
32. Re1 {[%clk 00:01:08]  [%emt 00:00:11]} 32... Qb2 {[%clk 00:00:45]} 33. Bc1
{[%clk 00:00:59]  [%emt 00:00:06]} 33... Qa1 {[%clk 00:00:31]  [%emt 00:00:17]}
34. Rf1 {[%clk 00:00:56]  [%emt 00:00:08]} 34... Qe5 {
[%clk 00:00:22]  [%emt 00:00:10]} 35. Bf4 {[%clk 00:00:50]  [%emt 00:00:21]}
35... Qb2 {[%clk 00:00:21]} 36. Qe3 {[%clk 00:00:46]  [%emt 00:00:07]} 36... g5
{[%clk 00:00:15]  [%emt 00:00:07]} 37. Bd6 {[%clk 00:00:42]  [%emt 00:00:03]}
37... Ng6 {[%clk 00:00:17]  [%emt 00:00:04]} 38. Rf3 {[%clk 00:00:43]} 38...
Kg7 {[%clk 00:00:19]  [%emt 00:00:03]} 39. Re1 {[%clk 00:00:43]} 39... Qxa2 {
[%clk 00:00:17]  [%emt 00:00:09]} 40. h4 {[%clk 00:00:42]} 40... Nxh4 {
[%clk 00:00:17]  [%emt 00:00:04]} 41. Rxf6 {[%clk 00:00:43]  [%emt 00:00:08]}
41... Kxf6 {[%clk 00:00:14]  [%emt 00:00:20]} 42. Be5+ {[%clk 00:00:39]} 42...
Kg6 {[%clk 00:00:14]} 43. Qd3+ {[%clk 00:00:39]} 43... Nf5 {
[%clk 00:00:07]  [%emt 00:00:04]} 44. g4 {[%clk 00:00:37]  [%emt 00:00:17]}
44... Qc4 {[%clk 00:00:07]  [%emt 00:00:03]} 45. gxf5+ {[%clk 00:00:38]} 45...
exf5 {[%clk 00:00:08]} 46. Qe3 {[%clk 00:00:37]} 46... Qc6 {[%clk 00:00:06]}
47. Ba1 {[%clk 00:00:36]  [%emt 00:00:09]} 47... a4 {[%clk 00:00:07]} 48. Qe5 {
[%clk 00:00:37]} 48... f6 {[%clk 00:00:07]} 49. Qe7 {
[%clk 00:00:36]  [%emt 00:00:07]} 49... Rg8 {[%clk 00:00:07]} 50. Re6 {
[%clk 00:00:36]  [%emt 00:00:04]} 50... Qc1+ {[%clk 00:00:09]} 51. Re1 {
[%clk 00:00:38]  [%emt 00:00:07]} 51... Qc6 {[%clk 00:00:11]} 52. Bxf6 {
[%clk 00:00:36]  [%emt 00:00:03]} 52... Qxf6 {[%clk 00:00:13]} 53. Re6 {
[%clk 00:00:38]} 53... Rf8 {[%clk 00:00:12]  [%emt 00:00:20]} 54. Qd6 {
[%clk 00:00:34]} 54... a3 {[%clk 00:00:13]} 55. Qxd5 {[%clk 00:00:34]} 55...
Qxe6 {[%clk 00:00:12]} 56. Qxe6+ {[%clk 00:00:36]} 56... Rf6 {
[%clk 00:00:08]  [%emt 00:00:08]} 57. Qe8+ {[%clk 00:00:38]} 57... Kg7 {
[%clk 00:00:06]  [%emt 00:00:06]} 58. Qe7+ {[%clk 00:00:41]} 58... Rf7 {
[%clk 00:00:08]} 59. Qxa3 {[%clk 00:00:42]  [%emt 00:00:10]} 59... Kg6 {
[%clk 00:00:09]} 60. Kg2 {[%clk 00:00:44]} 60... Rf6 {[%clk 00:00:10]} 61. Kg3
{[%clk 00:00:46]} 61... h5 {[%clk 00:00:12]} 62. f3 {
[%clk 00:00:49]  [%emt 00:00:03]} 62... h4+ {[%clk 00:00:14]} 63. Kh3 {
[%clk 00:00:52]  [%emt 00:01:07]} 63... Kh5 {[%clk 00:01:15]} 64. Qc5 {
[%clk 00:00:51]} 64... Kg6 {[%clk 00:01:16]} 65. Qe5 {
[%clk 00:00:53]  [%emt 00:00:14]} 65... Rf7 {[%clk 00:01:13]} 66. f4 {
[%clk 00:00:46]} 66... Rf6 {[%clk 00:01:06]  [%emt 00:00:08]} 67. Qe8+ {
[%clk 00:00:46]  [%emt 00:00:09]} 67... Kh6 {[%clk 00:01:06]} 68. Qh8+ {
[%clk 00:00:46]} 68... Kg6 {[%clk 00:01:03]  [%emt 00:00:08]} 69. Qg8+ {
[%clk 00:00:49]} 1-0

[Event "VII Obert Internacional Alberic"]
[Site "Alberic, Spain"]
[Date "2019.06.29"]
[Round "5.6"]
[White "Martinez Villena, David"]
[Black "Asins Munoz, Miquel"]
[Result "1/2-1/2"]
[WhiteElo "2029"]
[BlackElo "1688"]
[PlyCount "130"]
[EventDate "2019.??.??"]

1. e4 {[%clk 00:07:05]  [%emt 00:00:09]} 1... e6 {[%clk 00:07:05]} 2. d4 {
[%clk 00:07:06]} 2... d5 {[%clk 00:07:06]} 3. Nc3 {[%clk 00:07:07]} 3... Nf6 {
[%clk 00:07:08]  [%emt 00:00:10]} 4. Bg5 {[%clk 00:07:05]} 4... Be7 {
[%clk 00:07:08]} 5. e5 {[%clk 00:07:06]  [%emt 00:00:22]} 5... Nfd7 {
[%clk 00:07:08]} 6. h4 {[%clk 00:07:06]} 6... h6 {
[%clk 00:06:54]  [%emt 00:00:03]} 7. Bxe7 {[%clk 00:06:28]  [%emt 00:00:43]}
7... Qxe7 {[%clk 00:06:56]  [%emt 00:00:19]} 8. Qg4 {
[%clk 00:06:22]  [%emt 00:00:08]} 8... Rg8 {[%clk 00:06:47]} 9. O-O-O {
[%clk 00:06:11]  [%emt 00:00:17]} 9... a6 {[%clk 00:06:47]} 10. f4 {
[%clk 00:05:59]  [%emt 00:00:13]} 10... c5 {[%clk 00:06:39]  [%emt 00:00:12]}
11. dxc5 {[%clk 00:05:23]  [%emt 00:00:38]} 11... Qxc5 {
[%clk 00:06:14]  [%emt 00:00:24]} 12. Bd3 {[%clk 00:04:46]  [%emt 00:00:38]}
12... Nc6 {[%clk 00:05:48]  [%emt 00:00:31]} 13. Bh7 {
[%clk 00:04:28]  [%emt 00:00:18]} 13... Rf8 {[%clk 00:05:27]  [%emt 00:00:28]}
14. Rh3 {[%clk 00:03:33]  [%emt 00:00:54]} 14... d4 {
[%clk 00:04:43]  [%emt 00:00:47]} 15. Ne4 {[%clk 00:03:26]  [%emt 00:00:35]}
15... Qa5 {[%clk 00:03:56]  [%emt 00:00:26]} 16. Ra3 {
[%clk 00:02:33]  [%emt 00:01:01]} 16... Qb6 {[%clk 00:02:44]  [%emt 00:01:09]}
17. Qxg7 {[%clk 00:02:24]  [%emt 00:00:14]} 17... Nb4 {
[%clk 00:02:14]  [%emt 00:00:36]} 18. Nd6+ {[%clk 00:01:58]  [%emt 00:00:44]}
18... Kd8 {[%clk 00:01:43]  [%emt 00:00:17]} 19. Nf3 {
[%clk 00:01:32]  [%emt 00:00:26]} 19... Nd5 {[%clk 00:00:16]  [%emt 00:01:30]}
20. Rxd4 {[%clk 00:00:52]  [%emt 00:01:07]} 20... Kc7 {[%clk 00:00:09]} 21.
Rc4+ {[%clk 00:00:14]  [%emt 00:00:51]} 21... Kb8 {[%clk 00:00:09]} 22. Nxc8 {
[%clk 00:00:12]} 22... Rxc8 {[%clk 00:00:06]  [%emt 00:00:05]} 23. Rxc8+ {
[%clk 00:00:13]} 23... Kxc8 {[%clk 00:00:07]} 24. Rc3+ {[%clk 00:00:10]} 24...
Nxc3 {[%clk 00:00:08]} 25. bxc3 {[%clk 00:00:11]  [%emt 00:00:08]} 25... Qe3+ {
[%clk 00:00:08]} 26. Kb2 {[%clk 00:00:08]  [%emt 00:00:03]} 26... Qb6+ {
[%clk 00:00:10]} 27. Kc1 {[%clk 00:00:07]  [%emt 00:00:05]} 27... Qe3+ {
[%clk 00:00:11]  [%emt 00:00:04]} 28. Kb1 {[%clk 00:00:07]  [%emt 00:00:03]}
28... Kc7 {[%clk 00:00:10]  [%emt 00:00:04]} 29. Qxf7 {
[%clk 00:00:06]  [%emt 00:00:10]} 29... Qb6+ {[%clk 00:00:08]} 30. Ka1 {
[%clk 00:00:06]} 30... Qc5 {[%clk 00:00:07]  [%emt 00:00:06]} 31. Qxe6 {
[%clk 00:00:04]  [%emt 00:00:03]} 31... Qxc3+ {[%clk 00:00:07]  [%emt 00:00:04]
} 32. Kb1 {[%clk 00:00:06]} 32... Nc5 {[%clk 00:00:06]  [%emt 00:00:03]} 33.
Qd6+ {[%clk 00:00:08]  [%emt 00:00:04]} 33... Kc8 {[%clk 00:00:08]} 34. Qf8+ {
[%clk 00:00:08]  [%emt 00:00:14]} 34... Kc7 {[%clk 00:00:09]} 35. Qf7+ {
[%clk 00:00:09]} 35... Kb6 {[%clk 00:00:11]} 36. Qf6+ {[%clk 00:00:09]} 36...
Ka5 {[%clk 00:00:12]} 37. Qd6 {[%clk 00:00:08]  [%emt 00:00:03]} 37... Qb4+ {
[%clk 00:00:13]} 38. Kc1 {[%clk 00:00:09]  [%emt 00:00:03]} 38... Qa3+ {
[%clk 00:00:14]  [%emt 00:00:03]} 39. Kd1 {[%clk 00:00:10]} 39... b6 {
[%clk 00:00:12]  [%emt 00:00:12]} 40. Qd2+ {[%clk 00:00:11]} 40... Qb4 {
[%clk 00:00:14]} 41. Qxb4+ {[%clk 00:00:08]  [%emt 00:00:10]} 41... Kxb4 {
[%clk 00:00:15]} 42. e6 {[%clk 00:00:06]} 42... Nxe6 {[%clk 00:00:15]} 43. f5 {
[%clk 00:00:07]  [%emt 00:00:07]} 43... Nf4 {[%clk 00:00:10]  [%emt 00:00:11]}
44. g4 {[%clk 00:00:06]} 44... Kc5 {[%clk 00:00:08]  [%emt 00:00:07]} 45. g5 {
[%clk 00:00:06]  [%emt 00:00:17]} 45... hxg5 {[%clk 00:00:07]} 46. hxg5 {
[%clk 00:00:08]} 46... Rh8 {[%clk 00:00:09]} 47. g6 {
[%clk 00:00:10]  [%emt 00:01:21]} 47... Nh5 {[%clk 00:00:08]} 48. Ng5 {
[%clk 00:00:06]} 48... Kd5 {[%clk 00:00:04]} 49. Nf7 {[%clk 00:00:05]} 49...
Rc8 {[%clk 00:00:06]} 50. Ng5 {[%clk 00:00:04]} 50... Ke5 {[%clk 00:00:08]} 51.
g7 {[%clk 00:00:05]} 51... Nxg7 {[%clk 00:00:09]} 52. Bg6 {[%clk 00:00:06]}
52... Nxf5 {[%clk 00:00:11]} 53. Bxf5 {[%clk 00:00:08]} 53... Kxf5 {
[%clk 00:00:13]} 54. Nf3 {[%clk 00:00:09]} 54... Rc3 {[%clk 00:00:15]} 55. Nd4+
{[%clk 00:00:10]} 55... Ke4 {[%clk 00:00:17]} 56. Ne2 {[%clk 00:00:10]} 56...
Ra3 {[%clk 00:00:19]} 57. Kc1 {[%clk 00:00:10]} 57... b5 {[%clk 00:00:20]} 58.
Kb2 {[%clk 00:00:12]} 58... Ra5 {[%clk 00:00:20]} 59. Kb3 {[%clk 00:00:13]}
59... Ke3 {[%clk 00:00:17]} 60. Nc3 {[%clk 00:00:14]} 60... b4 {[%clk 00:00:16]
} 61. Kxb4 {[%clk 00:00:16]} 61... Rf5 {[%clk 00:00:14]} 62. a4 {
[%clk 00:00:16]} 62... Kd2 {[%clk 00:00:12]} 63. Ne4+ {
[%clk 00:00:15]  [%emt 00:00:23]} 63... Kxc2 {[%clk 00:00:13]} 64. Nd6 {
[%clk 00:00:17]} 64... Rf4+ {[%clk 00:00:12]} 65. Ka5 {[%clk 00:00:17]} 65...
Rxa4+ {[%clk 00:00:13]} 1/2-1/2

[Event "VII Obert Internacional Alberic"]
[Site "Alberic, Spain"]
[Date "2019.06.29"]
[Round "5.7"]
[White "Costa Grau, Adrian"]
[Black "Bru Company, Francesc E"]
[Result "0-1"]
[WhiteElo "2001"]
[BlackElo "1890"]
[PlyCount "118"]
[EventDate "2019.??.??"]

1. e4 {[%clk 00:07:04]} 1... d5 {[%clk 00:07:03]  [%emt 00:00:03]} 2. exd5 {
[%clk 00:07:05]  [%emt 00:00:03]} 2... Qxd5 {[%clk 00:07:05]} 3. Nc3 {
[%clk 00:07:06]} 3... Qd6 {[%clk 00:07:07]} 4. d4 {
[%clk 00:07:03]  [%emt 00:00:11]} 4... Nf6 {[%clk 00:07:09]  [%emt 00:00:07]}
5. Bc4 {[%clk 00:06:58]  [%emt 00:00:16]} 5... c6 {[%clk 00:07:04]} 6. Nge2 {
[%clk 00:06:55]} 6... Bf5 {[%clk 00:06:51]  [%emt 00:00:13]} 7. Bf4 {
[%clk 00:06:31]  [%emt 00:00:24]} 7... Qd8 {[%clk 00:06:51]  [%emt 00:00:38]}
8. f3 {[%clk 00:06:24]} 8... h6 {[%clk 00:06:43]  [%emt 00:00:03]} 9. Qd2 {
[%clk 00:06:24]} 9... e6 {[%clk 00:06:39]} 10. O-O-O {
[%clk 00:05:48]  [%emt 00:00:32]} 10... Bd6 {[%clk 00:06:29]  [%emt 00:00:47]}
11. Ng3 {[%clk 00:05:44]} 11... Bg6 {[%clk 00:06:02]  [%emt 00:00:05]} 12. Nge4
{[%clk 00:04:41]  [%emt 00:01:37]} 12... Bc7 {[%clk 00:04:27]  [%emt 00:01:14]}
13. Nxf6+ {[%clk 00:04:23]  [%emt 00:00:17]} 13... gxf6 {
[%clk 00:04:23]  [%emt 00:00:08]} 14. Rhe1 {[%clk 00:04:06]  [%emt 00:00:15]}
14... Bxf4 {[%clk 00:03:44]  [%emt 00:00:52]} 15. Qxf4 {[%clk 00:04:07]} 15...
Nd7 {[%clk 00:03:47]} 16. d5 {[%clk 00:03:26]  [%emt 00:00:37]} 16... cxd5 {
[%clk 00:02:42]  [%emt 00:01:30]} 17. Nxd5 {[%clk 00:03:15]  [%emt 00:00:04]}
17... Kf8 {[%clk 00:02:24]  [%emt 00:00:08]} 18. Qd6+ {
[%clk 00:01:44]  [%emt 00:02:07]} 18... Kg7 {[%clk 00:01:54]  [%emt 00:00:08]}
19. Nf4 {[%clk 00:01:17]  [%emt 00:00:22]} 19... Ne5 {
[%clk 00:01:14]  [%emt 00:00:42]} 20. Qxd8 {[%clk 00:00:31]  [%emt 00:01:00]}
20... Rhxd8 {[%clk 00:01:15]} 21. Rxd8 {[%clk 00:00:33]} 21... Rxd8 {
[%clk 00:01:17]  [%emt 00:00:04]} 22. Bxe6 {[%clk 00:00:34]} 22... Rd6 {
[%clk 00:00:51]  [%emt 00:00:21]} 23. Bb3 {[%clk 00:00:36]  [%emt 00:00:20]}
23... a6 {[%clk 00:00:44]} 24. Rd1 {[%clk 00:00:27]  [%emt 00:00:22]} 24... Rc6
{[%clk 00:00:40]} 25. Nd5 {[%clk 00:00:10]  [%emt 00:00:11]} 25... Nc4 {
[%clk 00:00:26]  [%emt 00:00:14]} 26. Bxc4 {[%clk 00:00:09]  [%emt 00:00:09]}
26... Rxc4 {[%clk 00:00:27]} 27. Ne3 {[%clk 00:00:11]} 27... Rc5 {
[%clk 00:00:28]} 28. c3 {[%clk 00:00:13]} 28... b5 {
[%clk 00:00:26]  [%emt 00:00:10]} 29. Rd6 {[%clk 00:00:15]} 29... a5 {
[%clk 00:00:27]  [%emt 00:00:13]} 30. Kd2 {[%clk 00:00:16]} 30... b4 {
[%clk 00:00:26]} 31. Rd5 {[%clk 00:00:09]  [%emt 00:00:05]} 31... bxc3+ {
[%clk 00:00:26]  [%emt 00:00:03]} 32. bxc3 {[%clk 00:00:11]} 32... Rxd5+ {
[%clk 00:00:15]  [%emt 00:00:16]} 33. Nxd5 {[%clk 00:00:13]} 33... Bf5 {
[%clk 00:00:14]  [%emt 00:00:03]} 34. c4 {[%clk 00:00:06]  [%emt 00:00:10]}
34... Be6 {[%clk 00:00:13]  [%emt 00:00:11]} 35. Kc3 {[%clk 00:00:08]} 35... f5
{[%clk 00:00:11]} 36. Kb3 {[%clk 00:00:10]  [%emt 00:00:10]} 36... Bd7 {
[%clk 00:00:10]  [%emt 00:00:03]} 37. Nb6 {[%clk 00:00:05]} 37... Bc6 {
[%clk 00:00:12]} 38. c5 {[%clk 00:00:07]  [%emt 00:00:03]} 38... Kg6 {
[%clk 00:00:14]} 39. Nc4 {[%clk 00:00:08]  [%emt 00:00:06]} 39... a4+ {
[%clk 00:00:13]} 40. Kb4 {[%clk 00:00:10]} 40... Kg5 {
[%clk 00:00:12]  [%emt 00:00:07]} 41. Nb6 {[%clk 00:00:11]} 41... Kf4 {
[%clk 00:00:09]  [%emt 00:00:04]} 42. Nxa4 {[%clk 00:00:12]  [%emt 00:00:07]}
42... Ke3 {[%clk 00:00:10]} 43. Nb6 {[%clk 00:00:07]  [%emt 00:00:06]} 43...
Kf2 {[%clk 00:00:11]} 44. Nc8 {[%clk 00:00:08]  [%emt 00:00:07]} 44... Kxg2 {
[%clk 00:00:11]  [%emt 00:00:04]} 45. Nd6 {[%clk 00:00:10]} 45... f4 {
[%clk 00:00:11]} 46. Nxf7 {[%clk 00:00:09]  [%emt 00:00:04]} 46... h5 {
[%clk 00:00:11]  [%emt 00:00:06]} 47. Ne5 {[%clk 00:00:10]  [%emt 00:00:03]}
47... Ba8 {[%clk 00:00:08]} 48. Kb5 {[%clk 00:00:05]  [%emt 00:00:09]} 48...
Kxh2 {[%clk 00:00:09]  [%emt 00:00:03]} 49. c6 {[%clk 00:00:06]} 49... Kg3 {
[%clk 00:00:08]  [%emt 00:00:17]} 50. Kb6 {[%clk 00:00:08]} 50... Bxc6 {
[%clk 00:00:08]} 51. Kxc6 h4 52. Kd5 {[%clk 00:00:06]} 52... h3 {
[%clk 00:00:12]  [%emt 00:00:15]} 53. Ng4 {[%clk 00:00:06]} 53... Kxf3 {
[%clk 00:00:14]} 54. Nh2+ {[%clk 00:00:06]} 54... Kg2 {[%clk 00:00:16]} 55. Ke4
{[%clk 00:00:04]  [%emt 00:00:04]} 55... Kxh2 {[%clk 00:00:17]} 56. Kxf4 {
[%clk 00:00:05]} 56... Kg2 {[%clk 00:00:18]} 57. Ke5 {
[%clk 00:00:07]  [%emt 00:00:04]} 57... h2 {[%clk 00:00:20]} 58. a4 {
[%clk 00:00:08]  [%emt 00:00:04]} 58... h1=Q {[%clk 00:00:22]} 59. Kd4 {
[%clk 00:00:10]  [%emt 00:00:57]} 59... Qa1+ {[%clk 00:00:23]} 0-1